书目信息 |
| 题名: |
美国旅游业概况
|
|
| 作者: | 薛亚平 编著 | |
| 分册: | ||
| 出版信息: | 北京 中国旅游出版社 2013.02 |
|
| 页数: | 211页 | |
| 开本: | 26cm | |
| 丛书名: | ||
| 单 册: | ||
| 中图分类: | F597.12 , F59 | |
| 科图分类: | ||
| 主题词: | 旅游业--lu^ you ye--研究--美国 | |
| 电子资源: | ||
| ISBN: | 978-7-5032-4605-0 | |
| 000 | 00885nam0 2200253 450 | |
| 001 | 2353788779 | |
| 005 | 20231122145656.69 | |
| 010 | @a978-7-5032-4605-0@dCNY45.00 | |
| 100 | @a20130305d2013 em y0chiy50 ea | |
| 101 | 0 | @achi |
| 102 | @aCN@b110000 | |
| 105 | @aak a 000yy | |
| 200 | 1 | @a美国旅游业概况@Amei guo lu^ you ye gai kuang@d= Basic facts and figures of travel & tourism@f薛亚平编著@zeng |
| 210 | @a北京@c中国旅游出版社@d2013.02 | |
| 215 | @a211页@c图@d26cm | |
| 320 | @a有书目 | |
| 330 | @a本书收集了2007-2011年美国旅游市场的有关事实、统计数据和其他相关信息, 从宏观和微观的角度介绍了美国旅游产业的大致情况。 | |
| 510 | 1 | @aBasic facts and figures of travel & tourism@zeng |
| 606 | 0 | @a旅游业@Alu^ you ye@x研究@y美国 |
| 690 | @aF597.12@v5 | |
| 690 | @aF59@v4 | |
| 701 | 0 | @a薛亚平@Axue ya ping@4编著 |
| 801 | 0 | @aCN@b人天书店@c20130305 |
| 905 | @aBZT@dF59@e16 | |
| 美国旅游业概况= Basic facts and figures of travel & tourism/薛亚平编著.-北京:中国旅游出版社,2013.02 |
| 211页:图;26cm |
| ISBN 978-7-5032-4605-0:CNY45.00 |
| 本书收集了2007-2011年美国旅游市场的有关事实、统计数据和其他相关信息, 从宏观和微观的角度介绍了美国旅游产业的大致情况。 |
| ● |
| 相关链接 |
|
|
|
正题名:美国旅游业概况
索取号:F59/16
 
预约/预借
| 序号 | 登录号 | 条形码 | 馆藏地/架位号 | 状态 | 备注 |
| 1 | 2001071397 | 2001071397 | 东辅楼二楼书库/ [索取号:F59/16] | 在馆 | |
| 2 | 2001071398 | 2001071398 | 东辅楼二楼书库/ [索取号:F59/16] | 在馆 | |
| 3 | 2001071399 | 2001071399 | 东辅楼二楼书库/ [索取号:F59/16] | 在馆 | |
| 4 | 2001071400 | 2001071400 | 东辅楼二楼书库/ [索取号:F59/16] | 在馆 | |
| 5 | 2001071401 | 2001071401 | 东辅楼二楼书库/ [索取号:F59/16] | 在馆 | |
| 6 | 2001071402 | 2001071402 | 东辅楼二楼书库/ [索取号:F59/16] | 在馆 | |
| 7 | 2001071403 | 2001071403 | 东辅楼二楼书库/ [索取号:F59/16] | 在馆 | |
| 8 | 2001071404 | 2001071404 | 东辅楼二楼书库/ [索取号:F59/16] | 在馆 | |
| 9 | 2001071405 | 2001071405 | 东辅楼二楼书库/ [索取号:F59/16] | 在馆 | |
| 10 | 2001071406 | 2001071406 | 东辅楼二楼书库/ [索取号:F59/16] | 在馆 | |
| 11 | 2001071407 | 2001071407 | 东辅楼二楼书库/ [索取号:F59/16] | 在馆 | |
| 12 | 2001071408 | 2001071408 | 东辅楼二楼书库/ [索取号:F59/16] | 在馆 | |
| 13 | 2001071409 | 2001071409 | 东辅楼二楼书库/ [索取号:F59/16] | 在馆 | |
| 14 | 2001071410 | 2001071410 | 东辅楼二楼书库/ [索取号:F59/16] | 在馆 | |
| 15 | 2001071411 | 2001071411 | 东辅楼二楼书库/ [索取号:F59/16] | 在馆 | |
| 16 | 2001071412 | 2001071412 | 东辅楼二楼书库/ [索取号:F59/16] | 在馆 | |
| 17 | 2001071413 | 2001071413 | 东辅楼二楼书库/ [索取号:F59/16] | 在馆 | |
| 18 | 2001071414 | 2001071414 | 东辅楼二楼书库/ [索取号:F59/16] | 在馆 | |
| 19 | 2001071415 | 2001071415 | 东辅楼二楼书库/ [索取号:F59/16] | 在馆 | |
| 20 | 2001071416 | 2001071416 | 东辅楼二楼书库/ [索取号:F59/16] | 在馆 | |
| 21 | 2001071417 | 2001071417 | 东辅楼二楼书库/ [索取号:F59/16] | 在馆 | |
| 22 | 2001071418 | 2001071418 | 东辅楼二楼书库/ [索取号:F59/16] | 在馆 | |
| 23 | 2001071419 | 2001071419 | 东辅楼二楼书库/ [索取号:F59/16] | 在馆 | |
| 24 | 2001071420 | 2001071420 | 东辅楼二楼书库/ [索取号:F59/16] | 在馆 | |
| 25 | 2001071421 | 2001071421 | 东辅楼二楼书库/ [索取号:F59/16] | 在馆 | |
| 26 | 2001071422 | 2001071422 | 东辅楼二楼书库/ [索取号:F59/16] | 在馆 | |
| 27 | 2001071423 | 2001071423 | 东辅楼二楼书库/ [索取号:F59/16] | 在馆 | |
| 28 | 2001071424 | 2001071424 | 东辅楼二楼书库/ [索取号:F59/16] | 在馆 | |
| 29 | 2001071425 | 2001071425 | 东辅楼二楼书库/ [索取号:F59/16] | 在馆 | |
| 30 | 2001071426 | 2001071426 | 东辅楼二楼书库/ [索取号:F59/16] | 在馆 |